Access 2.0 σε 20 απλά μαθήματα

Saved in:
Bibliographic Details
Main Author: Hoffbauer, Manfred
Format: Book
Language:Greek
German
Published: [Αθήνα] : Κλειδάριθμος, [1994].
Series:Quick start
Subjects:
Tags: Add Tag
No Tags, Be the first to tag this record!

MARC

LEADER 00000cam a2200000 i 4500
001 1/83214
008 960904s1994 gr | ||| |||| ||gre||
020 |a 9603320315 
035 |a 1995  |b 3  |c Τσολακίδης  |l 10034137 
040 |a GR-MyUa  |b gre  |e AACR2 
041 1 |a gre  |h ger 
082 7 |a 005.7565   |2 (22) 
100 1 |a Hoffbauer, Manfred. 
245 1 0 |a Access 2.0 σε 20 απλά μαθήματα /   |c Manfred Hoffbauer. 
260 |a [Αθήνα] :   |b Κλειδάριθμος,   |c [1994].  
300 |a 191 σ. :   |b εικ. ;   |c 24 εκ.  
490 1 |a (Quick start) 
500 |3 Μετάφραση του: Access 2.0 QuickStart. 
630 0 0 |a Microsoft Access. 
650 0 |a Database management. 
830 0 |a Quick start 
852 |a INST  |b RHODES  |e 19960904  |h 005.7565 HOF  |p 005400011656  |q 005400011656  |t BK  |y 0